DIGITAL SIGNAL PROCESSING (Record no. 8246)

MARC details
000 -LEADER
fixed length control field 00623nam a22001697a 4500
003 - CONTROL NUMBER IDENTIFIER
control field SGT
020 ## - INTERNATIONAL STANDARD BOOK NUMBER
International Standard Book Number 9788120350717
082 ## - DEWEY DECIMAL CLASSIFICATION NUMBER
Classification number 621.3815
Item number KUM
100 ## - MAIN ENTRY--PERSONAL NAME
Personal name KUMAR,A. ANAND
245 ## - TITLE STATEMENT
Title DIGITAL SIGNAL PROCESSING
250 ## - EDITION STATEMENT
Edition statement 2ND
260 ## - PUBLICATION, DISTRIBUTION, ETC. (IMPRINT)
Place of publication, distribution, etc NEW DELHI
Name of publisher, distributor, etc PHI
Year of Publication 2015
300 ## - PAGE DESCRIPTION
No. of Pages 959
650 ## - SUBJECT ADDED ENTRY--TOPICAL TERM
Topical term or geographic name as entry element ELECTRONICS ENGINEERING
653 ## - KEYWORDS--INDEX TERM
Keyword term DISCRETE TIME SIGNAL AND SYSTEMS,DISCRETE CONVOLUTION AND CORRELATION, TRANSFORMERS, SYSTEM REALIZATION, DISCRETE TIME FOURIER TRANSFORM, DFS & DFT, FIR FILTERS, MULTI-RATE DIGITAL SIGNAL PROCESSING, DSP PROCESSORS,FINITE WORD LENGTH EFFECTS IN DIGITAL FILTERS,
942 ## - ADDED ENTRY ELEMENTS (KOHA)
Source of classification or shelving scheme Dewey Decimal Classification
Koha item type Books
Holdings
Withdrawn status Lost status Source of classification or shelving scheme Damaged status Use restrictions Not for loan Home library Current library Shelving location Date acquired Vendor Name Cost, normal purchase price SGTU Full call number Accession No. (Barcode) Date last seen Bill Date Koha item type
    Dewey Decimal Classification   Restricted Access Not For Loan SGT Engineering Library SGT Engineering Library Reference Book 17/01/2016 GIFTED 550.00 SGTU 621.3815 KUM FE6489 17/01/2016 17/01/2016 Books